[Event "Senior DM 2012"]
[Site "Randers"]
[Date "2012.02.15"]
[Round "5"]
[White "Haugaard, Thomas"]
[Black "Jensen, Ruben"]
[Result "1-0"]
[WhiteElo "1456"]
[BlackElo "1067"]
[PlyCount "81"]
[EventDate "2012.??.??"]

1. d4 d5 2. c4 Nf6 3. Nf3 Nc6 4. e3 Bg4 5. Be2 h6 6. Nc3 Qd6 7. O-O O-O-O 8. c5
Qe6 9. a3 g5 10. b4 Ne4 11. Nxe4 dxe4 12. Nd2 h5 13. b5 Nb8 14. f3 exf3 15.
Nxf3 f6 16. Qa4 Bxf3 17. Bxf3 g4 18. Bxb7+ Kxb7 19. c6+ Kc8 20. Qxa7 Nxc6 21.
Qa6+ Kd7 22. Qxc6+ Qxc6 23. bxc6+ Kxc6 24. Bd2 Kb7 25. Rf5 Rh6 26. Rb1+ Kc8 27.
e4 e6 28. Ra5 Rh7 29. Be3 Bd6 30. Ra8+ Kd7 31. Rxd8+ Kxd8 32. a4 c6 33. Rc1 Kd7
34. a5 h4 35. a6 Bb8 36. Rb1 Rh8 37. Rb7+ Bc7 38. Bf4 Rc8 39. a7 Ke8 40. Rxc7
Ra8 41. Rh7 1-0

[Event "Senior DM 2012"]
[Site "Randers"]
[Date "2012.02.15"]
[Round "5"]
[White "Thorsen, Evald"]
[Black "Halberg, Per Gade"]
[Result "1-0"]
[WhiteElo "1254"]
[BlackElo "1221"]
[PlyCount "71"]
[EventDate "2012.??.??"]

1. e4 d6 2. Nf3 Nf6 3. Nc3 c6 4. g3 Bg4 5. Bg2 e5 6. d3 Qa5 7. Bd2 Qc7 8. O-O
Nbd7 9. Qe1 Be7 10. a4 a5 11. Nd1 b6 12. Ne3 Be6 13. Ng5 Nf8 14. Nxe6 Nxe6 15.
Bh3 Ng5 16. Bg2 Ne6 17. Nf5 O-O 18. Be3 Bd8 19. c3 c5 20. d4 cxd4 21. cxd4 g6
22. Rc1 Qd7 23. Nh6+ Kg7 24. Qd1 Qb7 25. Qd2 Nxe4 26. Qd3 f5 27. f3 f4 28. fxe4
Kxh6 29. gxf4 Kg7 30. f5 Nf4 31. Bxf4 exf4 32. e5 d5 33. f6+ Kf7 34. Rxf4 Qd7
35. b3 Qe6 36. Qb5 1-0

[Event "Senior DM 2012"]
[Site "Randers"]
[Date "2012.02.16"]
[Round "6"]
[White "Hvenekilde, Jorgen"]
[Black "Sorensen, Bent"]
[Result "0-1"]
[WhiteElo "2029"]
[BlackElo "2299"]
[PlyCount "142"]
[EventDate "2012.??.??"]

1. e4 e6 2. d4 d5 3. e5 c5 4. Nf3 Nc6 5. Bd3 c4 6. Be2 Bd7 7. O-O Be7 8. Re1 h5
9. c3 g5 10. b3 g4 11. Nfd2 b5 12. bxc4 bxc4 13. Ba3 f6 14. f4 Nh6 15. Bxe7
Qxe7 16. Nf1 Nf5 17. Ng3 Nxg3 18. hxg3 f5 19. Kf2 h4 20. Rh1 hxg3+ 21. Kxg3
O-O-O 22. Kf2 Kc7 23. Nd2 g3+ 24. Ke3 Nxe5 25. Rf1 Ng6 26. Nf3 Rb8 27. Qe1 Qa3
28. Rc1 Rb2 29. Qxg3 Qxa2 30. Rfe1 Rg8 31. Qh2 Qa3 32. Qh7 Ne7 33. Kf2 Rg4 34.
Ra1 Qd6 35. Rxa7+ Kb8 36. Rea1 Qxf4 37. Qh2 Rb7 38. Qxf4+ Rxf4 39. Rxb7+ Kxb7
40. g3 Rxf3+ 41. Kxf3 Ng6 42. Rh1 Kc7 43. Rh6 Ne7 44. Bd1 Kd6 45. Kf4 Ng8 46.
Rg6 Ne7 47. Rg7 Nc8 48. Bc2 Nb6 49. Rg6 Be8 50. Rh6 Bd7 51. Kg5 Bc8 52. Kf4 Bd7
53. Rh1 Bc6 54. Ra1 Nd7 55. Ba4 Bxa4 56. Rxa4 Nf6 57. Ra6+ Kd7 58. Ra3 Ne4 59.
Ke5 Nxg3 60. Ra7+ Kc6 61. Ra6+ Kb5 62. Ra3 Ne2 63. Ra1 Nxc3 64. Kxe6 f4 65. Rf1
Kc6 66. Rxf4 Ne2 67. Rf6 Nxd4+ 68. Ke5+ Kc5 69. Rf8 c3 70. Rc8+ Nc6+ 71. Kf4 c2
0-1

[Event "Senior DM 2012"]
[Site "Randers"]
[Date "2012.02.16"]
[Round "6"]
[White "Nielsen, Poul Erik (1948)"]
[Black "Jorgensen, Jorgen (1945)"]
[Result "1-0"]
[WhiteElo "1987"]
[BlackElo "2182"]
[PlyCount "145"]
[EventDate "2012.??.??"]

1. Nf3 f5 2. b3 d6 3. Bb2 e5 4. d4 e4 5. Nfd2 Nf6 6. e3 Be7 7. Be2 O-O 8. c4 c6
9. Nc3 Be6 10. Qc2 a6 11. a4 a5 12. f3 exf3 13. gxf3 Na6 14. Na2 d5 15. Bd3 Qd7
16. O-O-O Rfc8 17. Rdg1 b5 18. e4 bxc4 19. bxc4 Nb4 20. Nxb4 axb4 21. exf5 Bf7
22. c5 Qc7 23. Nb3 Rxa4 24. Qg2 Nh5 25. Kc2 Bf6 26. Ra1 Rca8 27. Rxa4 Rxa4 28.
Ra1 Rxa1 29. Nxa1 h6 30. Kb3 Qb7 31. Qd2 Qb8 32. Qxb4 Qxh2 33. Qb7 Qd2 34. Bc2
Qe3+ 35. Ka2 Nf4 36. Qxc6 Ne2 37. Qa8+ Kh7 38. Qa3 Qxa3+ 39. Kxa3 Nxd4 40. Ba4
Nxf5 41. Bxf6 gxf6 42. Bd7 Nd4 43. Nb3 Ne6 44. c6 Kg7 45. Kb4 Kf8 46. Nd4 Nc7
47. Kc5 Na8 48. Kd6 h5 49. c7 Nxc7 50. Kxc7 Kg7 51. Kd6 Kg6 52. f4 h4 53. Ke7
Bg8 54. Bh3 Bh7 55. Kf8 Kh6 56. Kf7 Be4 57. Kxf6 Kh5 58. Ke5 Kg6 59. Nf5 Kh5
60. Ne3 Bd3 61. Nxd5 Kh6 62. Ne3 Kg7 63. Nf5+ Kf7 64. Nxh4 Bc2 65. Bf5 Bd1 66.
Bg6+ Kg7 67. f5 Bb3 68. f6+ Kh6 69. Bf5 Bf7 70. Be6 Bh5 71. Nf5+ Kg5 72. Nd6
Bg6 73. Bd7 1-0

[Event "Senior DM 2012"]
[Site "Randers"]
[Date "2012.02.16"]
[Round "6"]
[White "Oe, Oluf"]
[Black "Grabow, Pouelsten Holm"]
[Result "1/2-1/2"]
[WhiteElo "1902"]
[BlackElo "2142"]
[PlyCount "102"]
[EventDate "2012.??.??"]

1. e4 e6 2. d4 d5 3. exd5 exd5 4. Bd3 c5 5. dxc5 Bxc5 6. Nc3 Nf6 7. Nf3 O-O 8.
O-O Nc6 9. a3 Bg4 10. Bg5 Nd4 11. Be2 Nxe2+ 12. Qxe2 Re8 13. Qd3 Bxf3 14. Qxf3
Bd4 15. Rad1 Bxc3 16. Qxc3 Ne4 17. Bxd8 Nxc3 18. bxc3 Rexd8 19. Rd3 Rac8 20.
Rfd1 Kf8 21. Kf1 Rc5 22. Rb1 b6 23. Ke2 Rd6 24. Rb4 Ke7 25. Rbd4 b5 26. a4 bxa4
27. Rxa4 a5 28. Kd2 Rg6 29. g3 Rd6 30. Re3+ Re6 31. Rd3 Re4 32. Rdd4 f5 33. f3
Re6 34. Rd3 Rec6 35. Rf4 g6 36. Rfd4 Ke6 37. Ra4 Kd6 38. Re3 Rc7 39. Rd3 Kc6
40. Rad4 Ra7 41. Ra4 Rc4 42. Ra3 a4 43. Re3 f4 44. Re8 fxg3 45. hxg3 Kd6 46.
Rd8+ Ke6 47. Re8+ Kf6 48. Kd3 h5 49. Rd8 Rc5 50. Rf8+ Kg5 51. Rf4 Rca5 1/2-1/2

[Event "Senior DM 2012"]
[Site "Randers"]
[Date "2012.02.16"]
[Round "6"]
[White "Madsen, Svend Aage"]
[Black "Sorensen, Jorn Bach"]
[Result "0-1"]
[WhiteElo "2082"]
[BlackElo "1980"]
[PlyCount "96"]
[EventDate "2012.??.??"]

1. e4 c5 2. Nf3 d6 3. c3 Nf6 4. Qc2 Nc6 5. d4 e5 6. Bb5 Bd7 7. dxc5 dxc5 8. O-O
Qc7 9. Bg5 Be7 10. Nbd2 a6 11. Be2 O-O 12. a4 Rfe8 13. Nc4 Ng4 14. Bc1 h6 15.
Rd1 Be6 16. h3 Nf6 17. Be3 Red8 18. Nfd2 b6 19. b4 Nd4 20. cxd4 cxd4 21. Qb2
dxe3 22. Nxe3 Rd4 23. Rac1 Qd7 24. Ndc4 Rxd1+ 25. Rxd1 Qc7 26. Nd5 Bxd5 27.
exd5 Bd6 28. Ne3 a5 29. Rc1 Qd8 30. Rc6 axb4 31. Nf5 Bc5 32. Qxe5 Qxd5 33.
Nxh6+ Kf8 34. Qxd5 Nxd5 35. Bc4 Ne7 36. Rxc5 bxc5 37. Nxf7 Rxa4 38. Ng5 Ra1+
39. Kh2 Rc1 40. Ne6+ Kf7 41. Ng5+ Kf6 42. Ne4+ Ke5 43. Nd2 Rc2 44. Nf3+ Kd6 45.
Bb3 Rxf2 46. Ng5 Rb2 47. Ne4+ Kc6 48. Ba4+ Kd5 0-1

[Event "Senior DM 2012"]
[Site "Randers"]
[Date "2012.02.16"]
[Round "6"]
[White "Christiansen, Jens Jorgen"]
[Black "Jacobsen, Erik Holm"]
[Result "1-0"]
[WhiteElo "2086"]
[BlackElo "1931"]
[PlyCount "57"]
[EventDate "2012.??.??"]

1. d4 Nf6 2. c4 g6 3. Nc3 Bg7 4. e4 d6 5. Bd3 e5 6. d5 Nbd7 7. Bc2 O-O 8. Nge2
a5 9. O-O Nc5 10. Rb1 Nh5 11. a3 f5 12. exf5 gxf5 13. b4 axb4 14. axb4 Na6 15.
f4 Qh4 16. Be3 Bd7 17. Qd2 e4 18. Bd4 Nf6 19. h3 Kh8 20. Nd1 Rg8 21. Ne3 Nh5
22. Qe1 Qe7 23. Kh2 Bxd4 24. Nxd4 Rg3 25. Ndxf5 Bxf5 26. Nxf5 Rag8 27. Nxe7
Rxg2+ 28. Kh1 R8g7 29. Nf5 1-0

[Event "Senior DM 2012"]
[Site "Randers"]
[Date "2012.02.16"]
[Round "6"]
[White "Davidsen, Niels Chr"]
[Black "Preuss, Flemming"]
[Result "1/2-1/2"]
[WhiteElo "2005"]
[BlackElo "1947"]
[PlyCount "94"]
[EventDate "2012.??.??"]

1. e4 c5 2. Nf3 Nc6 3. d4 cxd4 4. Nxd4 g6 5. Be3 Bg7 6. Bc4 Nf6 7. Nxc6 bxc6 8.
Nc3 d6 9. O-O O-O 10. Qd2 Ng4 11. Bg5 Ne5 12. Bb3 Ba6 13. Rfe1 Nc4 14. Bxc4
Bxc4 15. Bh6 Bxh6 16. Qxh6 e5 17. Rad1 Qe7 18. b3 Be6 19. Na4 f5 20. Qd2 Rad8
21. exf5 gxf5 22. c4 Kh8 23. Qc3 Qg7 24. f4 e4 25. Qxg7+ Kxg7 26. Kf2 Kf6 27.
Ke3 Rg8 28. Re2 h5 29. Red2 Ke7 30. Rf2 h4 31. Rdd2 Rd7 32. Rd1 Kd8 33. Rfd2
Kc7 34. Rf2 Rdg7 35. Rdd2 Bf7 36. Rb2 Rb8 37. Rbd2 Rb4 38. Rc2 Rg8 39. Rfd2 Rd8
40. Nc3 Rbb8 41. Na4 Be6 42. Rc3 Rd7 43. Kf2 Rg7 44. Ke3 Rbg8 45. Rcc2 a6 46.
Nc3 Rg6 47. Na4 Bd7 1/2-1/2

[Event "Senior DM 2012"]
[Site "Randers"]
[Date "2012.02.16"]
[Round "6"]
[White "Andersen, Carl Johan"]
[Black "Nielsen, Carl Evald"]
[Result "0-1"]
[WhiteElo "1883"]
[BlackElo "1775"]
[PlyCount "58"]
[EventDate "2012.??.??"]

1. e4 e5 2. Nf3 Nc6 3. Bc4 Nf6 4. d4 Nxe4 5. dxe5 d5 6. Bxd5 Bf5 7. O-O Bc5 8.
c4 Bb6 9. Qe2 Nc5 10. Rd1 Qd7 11. Nc3 a5 12. Bxc6 Qxc6 13. Nd4 Qg6 14. Nxf5
Qxf5 15. Nd5 Qe4 16. Be3 Qxe5 17. Qf3 O-O-O 18. Qxf7 Rhf8 19. Ne7+ Kb8 20.
Rxd8+ Rxd8 21. Nd5 Qxb2 22. Rd1 c6 23. Bd4 Qe2 24. Rb1 Qe4 25. Rd1 cxd5 26.
cxd5 Qxd5 27. Qxg7 Ka7 28. Qxh7 Qxa2 29. h4 Rxd4 0-1

[Event "Senior DM 2012"]
[Site "Randers"]
[Date "2012.02.16"]
[Round "6"]
[White "Nielsen, Peter"]
[Black "Andersson, Finn"]
[Result "0-1"]
[WhiteElo "1693"]
[BlackElo "1522"]
[PlyCount "106"]
[EventDate "2012.??.??"]

1. e4 c6 2. d4 d5 3. exd5 cxd5 4. Bd3 Nf6 5. c3 g6 6. Bf4 Nc6 7. h3 Bg7 8. Nf3
O-O 9. Nbd2 Re8 10. O-O Nh5 11. Bh2 Bh6 12. Ne5 Nxe5 13. Bxe5 Bf4 14. Nf3 f6
15. Bxf4 Nxf4 16. Bc2 Qd7 17. Qd2 Nxg2 18. Bxg6 hxg6 19. Qh6 Nf4 20. Qxf4 Qxh3
21. Nh2 Qf5 22. Qh6 Qh5 23. Qxh5 gxh5 24. f4 Bf5 25. Kf2 Kf7 26. Nf3 Rg8 27.
Rg1 Rg4 28. Rxg4 hxg4 29. Nh4 Be4 30. Kg3 f5 31. Rc1 Rc8 32. a3 a5 33. b4 axb4
34. axb4 Ra8 35. Ng2 Bxg2 36. Kxg2 Ra2+ 37. Kg3 Re2 38. c4 Re3+ 39. Kg2 Re4 40.
cxd5 Rxd4 41. Rc7 b5 42. Rc5 Rxf4 43. Rxb5 Kf6 44. Rb7 Rd4 45. b5 Rxd5 46. b6
Rb5 47. Rb8 Ke6 48. Kg3 Kd7 49. Rb7+ Kd6 50. Kf4 e6 51. Rb8 Kd7 52. Ke3 e5 53.
Rf8 Rb3+ 0-1

[Event "Senior DM 2012"]
[Site "Randers"]
[Date "2012.02.16"]
[Round "6"]
[White "Ottesen, Soren Ruud"]
[Black "Thorsen, Evald"]
[Result "1-0"]
[WhiteElo "1518"]
[BlackElo "1254"]
[PlyCount "99"]
[EventDate "2012.??.??"]

1. e4 e5 2. Nf3 d6 3. d4 exd4 4. Nxd4 Nf6 5. Nc3 Bd7 6. Bc4 Nc6 7. f3 Be7 8.
Be3 Nxd4 9. Qxd4 Bc6 10. O-O-O Qd7 11. g4 a6 12. g5 Nh5 13. f4 Bb5 14. Nxb5
axb5 15. Be2 Ra4 16. Qd3 Nxf4 17. Bxf4 Rxa2 18. Qxb5 c6 19. Qb3 Ra8 20. Qg3
Ra1+ 21. Kd2 Ra5 22. Ke1 Ra4 23. Bf3 O-O 24. Bxd6 Bxd6 25. Qxd6 Qh3 26. Qg3 Qe6
27. Kf2 Qc4 28. Rd2 Qc5+ 29. Kg2 Ra5 30. h4 Qe3 31. Rd3 Qc5 32. Qf2 Qe5 33. Qd4
Qe6 34. b3 Ra2 35. Rd2 Qc8 36. e5 c5 37. Qd5 b6 38. Qd7 Rxc2 39. Kg3 Rc3 40.
Qxc8 Rxc8 41. Rb1 Kf8 42. Rd7 Rb8 43. Kf4 c4 44. Bd5 Rd3 45. Rxf7+ Ke8 46. Rxg7
Rd4+ 47. Kf5 Rd8 48. Rg8+ Ke7 49. Rxd8 Kxd8 50. bxc4 1-0

[Event "Senior DM 2012"]
[Site "Randers"]
[Date "2012.02.16"]
[Round "6"]
[White "Larsen, Henning"]
[Black "Haugaard, Thomas"]
[Result "1/2-1/2"]
[WhiteElo "1745"]
[BlackElo "1456"]
[PlyCount "72"]
[EventDate "2012.??.??"]

1. e4 c5 2. Nf3 d6 3. d4 cxd4 4. Nxd4 Nf6 5. Nc3 g6 6. Be3 Bg7 7. Qd2 Nc6 8. f3
O-O 9. Bc4 Bd7 10. h4 Rc8 11. Bb3 Qa5 12. O-O-O Ne5 13. h5 Nc4 14. Bxc4 Rxc4
15. Nb3 Qa6 16. Bh6 Rfc8 17. Bxg7 Kxg7 18. hxg6 fxg6 19. Kb1 Be6 20. Qh6+ Kf7
21. Rd2 b5 22. g4 b4 23. g5 bxc3 24. gxf6 Kxf6 25. Qh4+ Kf7 26. Qxh7+ Ke8 27.
Qxg6+ Kd7 28. bxc3 Rxc3 29. Rh6 Bxb3 30. Qf5+ Kc7 31. axb3 Kb8 32. Kb2 Qc6 33.
Rhh2 Qc7 34. Qb5+ Ka8 35. Qd5+ Kb8 36. Qb5+ Ka8 1/2-1/2

[Event "Senior DM 2012"]
[Site "Randers"]
[Date "2012.02.16"]
[Round "6"]
[White "Jensen, Ruben"]
[Black "Andersen, Vagn Skov"]
[Result "0-1"]
[WhiteElo "1067"]
[BlackElo "1572"]
[PlyCount "52"]
[EventDate "2012.??.??"]

1. e4 d6 2. Bc4 Nf6 3. d3 g6 4. h3 Bg7 5. Nf3 c6 6. O-O O-O 7. Bf4 e5 8. Bg5 b5
9. Bb3 a5 10. c3 a4 11. Bc2 Qb6 12. Be3 Qc7 13. d4 Bb7 14. dxe5 dxe5 15. Qe2
Rd8 16. c4 bxc4 17. Rd1 Rxd1+ 18. Bxd1 Nxe4 19. Qxc4 Nd6 20. Qh4 Nf5 21. Qe4 c5
22. Qc4 Nxe3 23. fxe3 Nd7 24. a3 Nb6 25. Qe2 e4 26. Ng5 Qg3 0-1

[Event "Senior DM 2012"]
[Site "Randers"]
[Date "2012.02.16"]
[Round "6"]
[White "Halberg, Per Gade"]
[Black "Larsen, Arne Walther"]
[Result "1-0"]
[WhiteElo "1221"]
[BlackElo "1763"]
[PlyCount "85"]
[EventDate "2012.??.??"]

1. g3 Nf6 2. d3 g6 3. c3 Bg7 4. e3 c5 5. b3 Nc6 6. a3 b5 7. Bg2 Bb7 8. Bb2 Rb8
9. Ne2 Qc7 10. O-O O-O 11. Qc2 Ne5 12. e4 d5 13. Nd2 dxe4 14. dxe4 Rfd8 15. Nf4
c4 16. Rfe1 g5 17. Nd5 Nxd5 18. exd5 Nd3 19. Re3 Bxd5 20. Be4 Bxe4 21. Nxe4 h6
22. b4 Rd5 23. a4 a6 24. axb5 axb5 25. Qe2 e6 26. Rb1 Ra8 27. Ba1 Qa7 28. Bb2
Qa2 29. Qc2 Nxb4 30. cxb4 Bxb2 31. Rxb2 Qa1+ 32. Kg2 Rd1 33. Nf6+ Kf8 34. Re2
Rad8 35. Nh7+ Ke7 36. Qe4 Rg1+ 37. Kh3 Qf1+ 38. Kg4 f5+ 39. Qxf5 Rxg3+ 40. hxg3
h5+ 41. Kxg5 Rg8+ 42. Kh6 Qc1+ 43. f4 1-0